000
00200 a2200085 4500
020
_a
9788957707548
100
_a
Lee, Hwa-Jeong
245
_a
I.Focus : facade detail Vol-2
260
_b
Seoul Archworld
_c
2021
999
_c
12111
_d
12111